<?xml version="1.0" encoding="UTF-8"?>
<record
    xmlns:xsi="http://www.w3.org/2001/XMLSchema-instance"
    xsi:schemaLocation="http://www.loc.gov/MARC21/slim http://www.loc.gov/standards/marcxml/schema/MARC21slim.xsd"
    xmlns="http://www.loc.gov/MARC21/slim">

  <leader>00279nam a2200097Ia 4500</leader>
  <controlfield tag="001">1141096</controlfield>
  <controlfield tag="005">20250827010113.0</controlfield>
  <controlfield tag="008">250824s9999    xx            000 0 und d</controlfield>
  <datafield tag="245" ind1=" " ind2="0">
    <subfield code="a">KARAB&#xD6;C&#xDC; 2 PART&#x130;N&#x130;N G&#xD6;ZBEBE&#x11E;&#x130;</subfield>
    <subfield code="c">N&#x130;RAN EL&#xC7;&#x130;</subfield>
  </datafield>
  <datafield tag="260" ind1=" " ind2=" ">
    <subfield code="b">G&#xDC;NI&#x15E;I&#x11E;I K&#x130;TAPLI&#x11E;I YAYINLARI</subfield>
  </datafield>
  <datafield tag="999" ind1=" " ind2=" ">
    <subfield code="c">1141096</subfield>
    <subfield code="d">1141096</subfield>
  </datafield>
  <datafield tag="952" ind1=" " ind2=" ">
    <subfield code="0">0</subfield>
    <subfield code="1">0</subfield>
    <subfield code="4">0</subfield>
    <subfield code="7">0</subfield>
    <subfield code="a">1095</subfield>
    <subfield code="b">1095</subfield>
    <subfield code="d">2025-08-24</subfield>
    <subfield code="l">4</subfield>
    <subfield code="p">10951304</subfield>
    <subfield code="r">2026-04-20 13:41:18</subfield>
    <subfield code="s">2026-04-15</subfield>
    <subfield code="w">2025-08-27</subfield>
    <subfield code="y">BK</subfield>
  </datafield>
</record>
